000 00290nam a22001337a 4500
008 170911b xxu||||| |||| 00| 0 eng d
020 _a9780130915429
041 _aeng
080 _24TH
_a52
100 _a42
101 _aAST
245 _aASTRONOMY TODAY
_cCHAISSON,E
942 _2udc
_cBK
999 _c27086
_d27086